السياسات الاتصالية والاعلامية فى العالم الاسلامى / (Record no. 6645)
[ view plain ]
| 000 -الفاتح | |
|---|---|
| حقل البيانات ثابتة الطول | 01000nac a22002051u 4500 |
| 008 - عناصر البيانات ثابتة الطول - معلومات عامة | |
| حقل البيانات ثابتة الطول | 121128s2000 ly ||||| |||| 00| 0 ara d |
| 020 ## - الرقم الدولى المعيارى للكتب | |
| الرقم الدولى المعيارى للكتاب | 9981262501 : |
| 082 ## - رقم تصنيف ديوى العشرى | |
| رقم التصنيف | 302.20917671 |
| رقم المادة | ش ل ب |
| رقم الطبعة | 22 |
| 100 ## - المدخل الرئيسى - إسم شخصى | |
| الإسم الشخصى | شلبية، محمود ابراهيم |
| 9 (RLIN) | 31507 |
| 245 ## - بيان العنوان | |
| العنوان | السياسات الاتصالية والاعلامية فى العالم الاسلامى / |
| بيان المسئوليه,etc | محمود ابراهيم شلبية. |
| 260 ## - PUBLICATION, DISTRIBUTION, ETC. (IMPRINT) | |
| مكان الناشر او الموزع | طرابلس : |
| اسم الناشر او الموزع | جمعية الدعوة الاسلامية العالمية، |
| تاريخ النشر أو التوزيع | 2000. |
| 300 ## - الوصف المادى | |
| التعداد | 129 ص. ؛ |
| أبعاد الوعاء | 20 سم. |
| 500 ## - تبصرة عامة | |
| تبصرة عامة | على صفحة العنوان-- منشورات المنظمة الاسلامية للتربية والعلوم والثقافة- ايسيسكو- 1421هـ/ 2000م. |
| 504 ## - تبصرة ببليوجرافية | |
| تبصرة ببليوجرافية,الخ | يشتمل على ارجاعات ببليوجرافية. |
| 650 ## - المدخل الاضافى بالموضوع-مصطلح موضوعى | |
| مصطلح موضوعي أو اسم جغرافي كعنصر مدخل | الاعلام الاسلامى |
| 9 (RLIN) | 31508 |
| 650 ## - المدخل الاضافى بالموضوع-مصطلح موضوعى | |
| مصطلح موضوعي أو اسم جغرافي كعنصر مدخل | وسائل الاعلام |
| 9 (RLIN) | 31509 |
| 650 ## - المدخل الاضافى بالموضوع-مصطلح موضوعى | |
| مصطلح موضوعي أو اسم جغرافي كعنصر مدخل | الصحف الدينية |
| 9 (RLIN) | 31510 |
| 653 ## - مصطلح تكشيفى غير مقيد | |
| Resource For college | |
| 942 ## - عناصر المدخل الإضافي( كوها) | |
| Koha [default] item type | Book - Borrowing |
| سابقة رقم الطلب | 302.20917671 ش ل ب |
| مصدر التصنيف او مخطط الترفيف | Dewey Decimal Classification |
| حالة التراجع | حالة الفقد | مصدر التصنيف او خطة الترفيف | حالة تلف | ليس للاعارة | مجموعات كوها | المكان الدائم | المكان الحالي | موقع الترفيف | تاريخ الاكتساب | Source of acquisition | رقم الاستدعاء | الباركود | Date last seen | مُعار | نوع الوعاء |
|---|---|---|---|---|---|---|---|---|---|---|---|---|---|---|---|
| Dewey Decimal Classification | Alef-Baa | Central Library | Central Library | First floor | 28/11/2007 | 302.20917671 ش ل ب | 000008110 | 15/07/2025 | 15/10/2012 | Book - Borrowing |